00459nam a2200157Ia 45000010006000000050017000060080041000230410008000640820016000721000039000882450121001272600009002483000028002576500008002856540008002931636020260306170303.0260306t2020||||xx |||||||||||||| ||und|| aESP a348.54bD54 aDelgado Neyra, Paulo César,eAUT 0aEl daño ambiental en el Perú :banálisis jurídico y propuesta de regulación en la ley general del ambiente c2020 a235 páginas :c24 cm. aGEN aCDE